| 000 | 01164nam0a2200361 4500 | ||
|---|---|---|---|
| 001 | RU\NLR\bibl\1745113 | ||
| 005 | 20260409071332.0 | ||
| 010 |
_a978-5-9973-1141-4 _9500 |
||
| 021 |
_aRU _b2011-9309 _9658 |
||
| 035 | _a(nilc)RSL-KNO-004893036 | ||
| 035 | _a(NLR Aleph) 001736012 | ||
| 090 |
_a1429476 _c1429476 |
||
| 100 | _a20110221d2010 |||y0rusy50 ca | ||
| 101 | 0 | _arus | |
| 102 | _aRU | ||
| 105 | _ay ||||||||| | ||
| 200 | 1 |
_aРеплики литературы _eмонография _fС. В. Панов |
|
| 210 |
_aМосква _cСпутник+ _d2010 |
||
| 215 |
_a130 с. _d21 |
||
| 320 | _aБиблиогр.: с. 130 (28 назв.) | ||
| 606 |
_aЛитература и философия _3RU\NLR\auth\66636021 _91486076 |
||
| 610 | 0 | _aфилософия и литература | |
| 686 |
_aШ400.04:Ю,0 _2rubbk |
||
| 686 |
_aЮ81,0 _2rubbk |
||
| 686 | _aШ400.04 | ||
| 686 | _aЮ802.452 | ||
| 700 | 1 |
_aПанов _bС. В. _gСергей Владимирович _4070 |
|
| 801 | 0 |
_aRU _bRuMoRKP _c20110221 _grcr |
|
| 801 | 1 |
_aRU _bRuMoRGB _c20110221 |
|
| 801 | 2 |
_aRU _bNLR _c20110311 _grcr |
|
| 942 | _cBOOK | ||
| 980 | _aNB | ||